000 00767nam a2200253 a 4500
008
020 _a0471243132
049 _aMAIN
050 0 0 _aGE350
_fMIL
100 1 _aMihelcic, James R.
245 1 0 _aFundamentals of environmental engineering /
_cJames R. Mihelcic ; contributors, Martin T. Auer ... [et al.]
260 _aNew York :
_bJohn Wiley,
_cc1999.
300 _axi, 335 p. :
_bill. ;
_c24 cm.
504 _aIncludes bibliographical references.
500 _aInludes index.
650 0 _aEcological engineering.
650 0 _aEnvironmental sciences.
700 1 _aAuer, Martin T.
907 _a.b10077765
_b12-07-06
_c17-06-03
003
005 20230123133259.0
040 _cNUST
942 _cBOOKS
999 _c145885
_d145885